000 00819nam a2200241 i 4500
003 DO-SdBNP
005 20250919112546.0
006 a||||er|||| 00| 0
007 ta
008 230614e2022 dr ||||| |||| 00| 0 spa d
020 _a9789945643503
020 _a9789945643510
040 _aDO-SdBNP
_bspa
_cBNPHU
_erda
082 4 _bC348n
_222
100 1 _91057
_aCastellanos Pizano, Víctor Joaquín
245 1 0 _aLa naturaleza principal y directa de la acción de amparo en la República Dominicana./
_cVíctor Joaquín Castellanos
264 _aSanto Domingo :
_bTribunal Constitucional,
_c2022
300 _a137 páginas ;
_c22 cm
504 _aBibliografía: páginas 121 - 130
590 _aInventariado 2023 / MF
710 1 _aRepública Dominicana.
_bCorte de Constitucionalidad
_971191
942 _2ddc
_cLBS1
999 _c53830
_d53830